000 00492nam a2200157Ia 4500
005 20250424134441.0
008 231217s9999 xx 000 0 und d
020 _a9780070634800
082 _a001.6425 HER;1 R
100 _aHernandez, Jose Antonio Keogh, Jim Martinez, franklin
245 0 _aSAP R/3 handbook : essential skills for SAP technical consultants
260 _c2006
_bTata McGraw-Hill
_aNew Delhi
300 _axvii+606
650 _aSAP,R/3,:,SAP,consultants
942 _cAA
999 _c180040
_d180040